000 00561nam a22001937a 4500
003 OSt
005 20250520122951.0
008 250520b |||||||| |||| 00| 0 eng d
020 _a9781848555860
040 _crda
100 _aZarembka, Paul.,
_eeditor
_9809063
245 _aWhy Capitalism Survives Crises: The Shock Absorbers
_cedited by Paul Zarembka
260 _aUK:
_bEmerald,
_c2009.
300 _avii,299p.
490 _aResearch In Political Economy
_vv.25
500 _aSeries editor: Paul Zarembka
650 _2Crises
942 _2CC
_cGB
_e1
_n0
999 _c1428878
_d1428878